000 01162cam a2200337 i 4500
001 17202038
003 EG-ScBUE
005 20250730084251.0
008 120308s2012 txua f 001 0 eng d
020 _a9780486488554
020 _a0486488551
040 _aDLC
_beng
_erda
_cDLC
_dYDX
_dBTCTA
_dYDXCP
_dBDX
_dUKMGB
_dOCLCO
_dDLC
_dEG-ScBUE
082 0 4 _a541.39
_222
_bDAV
100 1 _aDavis, Mark E.,
_eauthor.
_936403
245 1 0 _aFundamentals of chemical reaction engineering /
_cMark E. Davis, California Institute of Technology, Robert J. Davis, University of Virginia.
250 _aDover edition.
264 1 _aMineola ;
_aNew York :
_bDover Publications,
_c2012.
300 _axvi, 368 pages :
_billustrations ;
_c24 cm
336 _2rdacontent
_atext
_btxt
337 _aunmediated
_2rdamedia
_bn
338 _avolume
_bnc
_2rdacarrier
500 _aIncludes appendix.
500 _aIncludes index.
650 7 _aChemical processes.
_95532
_2BUEsh
651 _2BUEsh
653 _bENGCHE
_cNovember2014
653 _bENGCHE
_cSeptember2016
655 _vReading book
_934232
700 1 _aDavis, Robert J.,
_eauthor.
_936404
942 _2ddc
_cBB
999 _c18532
_d18504